000 00624 a2200277 4500
260 _aParis
630 _a16 - Logique. Theorie de la connaissance
037 _b1, BU
650 _a1 - PHILOSOPHIE ET PSYCHOLOGIE
100 _aKant, Emmanuel
260 _bHatier
245 _aAnalytique du beau
300 _a94p.
650 _aesthétique
260 _c1984
300 _b18cm.
100 _lFr
037 _aL3123
440 _aProfil formation
700 _aEd., Hansen-Love, Ole
700 _aTrad., Barni, Jules
440 _x0337-1425
020 _a2-218-06305-0
999 _c39592
_d39592